00402nam a2200133Ia 4500100001900000942000700019654002500026245004400051260003800095300000800133546001200141999001700153952009800170 aSubramanya/K.  cBK aTheory & Application aTheory & Application Of Fluid Mechanics bTata McGraw HillaNEW DELHIc1993 a752 aENGLISH c29035d29035 001040708AFTaCRCEbCRCEc1517 | 56d2023-03-17l0o pAFT6543r2023-03-17w2023-03-17yBK